| 000 | 00520nam a22001937a 4500 | ||
|---|---|---|---|
| 003 | LK-CoMWRAF | ||
| 005 | 20230908145052.0 | ||
| 008 | 230908b2007 |||||||| |||| 00| 0 eng d | ||
| 020 | _a9789555801102 | ||
| 040 |
_aLK-CoMWRAF _dLK-CoMWRAF _eLK-CoMWRAF |
||
| 041 | _aeng | ||
| 082 |
_a203.5 _bGOO |
||
| 100 | _aGoonasekara, Sunil | ||
| 245 | _aWalking to Kataragama | ||
| 300 |
_aColombo : _bInternational centre for ethnic studies, _c2007 |
||
| 650 | _aKataragama | ||
| 650 | _aPilgrims and pilgrimages | ||
| 942 | _cBK | ||
| 999 |
_c3489 _d3489 |
||